00412cam a22001217a 4500008004000000082001800040100001500058245008000073260003600153300001000189650004900199650004200248180718b1995 xxu||||| |||| 00| 0 eng d aB11x5421 N638 aNita Kumar aArtisans of Banaras: popular culture and identity, 1880-1986cby Nita Kumar aHyderabadbOrient Longmanc1995 a279p. aPopular culture - India - Banaras, 1880-1986 aArtisans - India - Banaras, 1880-1986